Detective Conan Films - Statistics

General Stats
  • This quiz has been taken 14 times
  • The average score is 9 of 28
Answer Stats
Year Answer % Correct
26 2023 Black Iron Submarine
73%
28 2025 One-Eyed Flashback
73%
20 2016 The Darkest Nightmare
45%
3 1999 The Last Wizard of the Century
45%
27 2024 The Million-Dollar Pentagram
45%
13 2009 The Raven Chaser
45%
24 2021 The Scarlet Bullet
45%
4 2000 Captured in Her Eyes
36%
5 2001 Countdown to Heaven
36%
21 2017 Crimson Love Letter
36%
8 2004 Magician of the Silver Sky
36%
25 2022 The Bride of Halloween
36%
16 2012 The Eleventh Striker
36%
2 1998 The Fourteenth Target
36%
6 2002 The Phantom of Baker Street
36%
7 2003 Crossroad in the Ancient Capital
27%
12 2008 Full Score of Fear
27%
15 2011 Quarter of Silence
27%
9 2005 Strategy Above the Depths
27%
1 1997 The Time Bombed Skyscraper
27%
22 2018 Zero the Enforcer
27%
18 2014 Dimensional Sniper
18%
17 2013 Private Eye in the Distant Sea
18%
19 2015 Sunflowers of Inferno
18%
23 2019 The Fist of Blue Sapphire
18%
14 2010 The Lost Ship in the Sky
18%
10 2006 The Private Eye's Requiem
18%
11 2007 Jolly Roger in the Deep Azure
9%
No matching quizzes found
Score Distribution
Percent of People with Each Score
Percentile by Number Answered
Your Score History
You have not taken this quiz